Saps com estalviar energia? : consells per estalviar energia elèctrica a casa consells per estalviar energia elèctrica a casa
Publicado:
Barcelona :
Diputació de Barcelona : Xarxa de Ciutats i Pobles cap a la Sostenibilitat ,
2014
Descripción Física:
1 díptic : 21 cm
Otros Autores:
Àrea Metropolitana de Barcelona
MARC
| LEADER | 00000nam a2200000Ia 4500 | ||
|---|---|---|---|
| 001 | 23669 | ||
| 008 | 160829s2014 xx 000 0 cat d | ||
| 080 | |a FU-62-135 | ||
| 245 | |a Saps com estalviar energia? : |b consells per estalviar energia elèctrica a casa | ||
| 260 | |a Barcelona : |b Diputació de Barcelona : |b Xarxa de Ciutats i Pobles cap a la Sostenibilitat, |c 2014 | ||
| 300 | |a 1 díptic : |b 21 cm | ||
| 650 | 0 | |a Energia |x Estalvi |9 33412 | |
| 650 | |a Energia |x Consum |9 49275 | ||
| 650 | 0 | |a Educació ambiental |9 30861 | |
| 700 | |a Àrea Metropolitana de Barcelona |9 2825 | ||
| 710 | 1 | |a Girona (Catalunya : Província). |b Diputació |9 11479 | |
| 710 | 1 | |a Barcelona (Catalunya : Província). |b Diputació |9 52408 | |
| 710 | 2 | |a Institut Català d'Energia |9 53621 | |
| 856 | |u www.diba.cat/xarxasost/setmanaenergia | ||
| 901 | |a Arxiu | ||
| 942 | |n 1 | ||
| 952 | |0 0 |1 0 |4 0 |6 FU62135 |7 1 |9 55239 |a Arxiu |b Arxiu |d 2016-12-01 |l 0 |o FU-62-135 |p 23669 |r 2016-12-01 00:00:00 |w 2016-12-01 |y ARXIU | ||
| 952 | |0 0 |1 0 |2 udc |4 0 |6 FU7324 |7 1 |9 64207 |a Arxiu |b Arxiu |d 2022-11-16 |l 0 |o FU-73-24 |p 26921 |r 2022-11-16 00:00:00 |w 2022-11-16 |y ARXIU | ||
| 952 | |0 0 |1 0 |2 udc |4 0 |6 PDL |7 1 |9 64208 |a Arxiu |b Arxiu |d 2022-11-16 |l 0 |o PDL |p 26922 |r 2022-11-16 00:00:00 |w 2022-11-16 |y ARXIU | ||
| 999 | |c 59111 |d 59111 | ||